• 首页
  • 本馆介绍
  • 公告通知
  • 最新文献
  • 馆藏检索
  • 电子资源
  • 读者导购
  • 参考咨询
  • 我的图书馆
  • 登录
  • 详细信息显示
  • 放入我的书架
  • 预约/预借图书
  • 作者相关作品
  • 分类相关作品
  • 丛书相关作品
  • 出版社相关作品

书目信息

  • 表格格式
  • 工作单格式
  • 卡片格式
题名:
1949年至1966年的中国档案学
    
 
作者: 闫静 著
分册:  
出版信息: 北京   中国社会科学出版社  2021
页数: 361页
开本: 24cm
丛书名: 山大史学丛刊
单 册:
中图分类: G279.2
科图分类:
主题词: 档案学--学科发展--研究--中国--1949-1966
电子资源:
ISBN: 978-7-5203-8594-7
000 01576nam2 2200277 450
001 012001000464
005 20141201143816.0
010    @a978-7-5203-8594-7@dCNY119.00
100    @a20220905d2021 em y0chiy50 ea
101 0  @achi
102    @aCN@b110000
105    @aak z 000yy
106    @ar
200 1  @a1949年至1966年的中国档案学@A1949 nian zhi 1966 nian de zhong guo dang an xue@e作为一门独立学科的创建@f闫静著
210    @a北京@c中国社会科学出版社@d2021
215    @a361页@c图@d24cm
225 2  @a山大史学丛刊
300    @a山东大学“考古与历史学一流学科建设”优秀学术著作出版资助项目
330    @a本书以辩证唯物主义和历史唯物主义为指导思想,以1949年至1966年中国档案学的内外部关系、学说、规律作为研究的重要方法论,对中国档案学的独立化建制进行历史性考察。在探讨中国 档案学所经历的不平凡历程中,既探究政治、经济、文化、科技的发展对档案学发展的影响和制约作用,又试图深入到档案学研究内部,探究档案学自身的发展逻辑和特殊规律,勾勒出新中国档案学创建时期的历史图景;同时,阐明新中国成立初期档案学内在观念建制和外在社会建制的具体情况,记述新中国成立后第一批档案学人的学术观点、社会实践和理论探索与争鸣,探析中国档案学与时代兴替、社会思潮的种种联系,并力求从学科视域、学理视域、历史视域与现实视域对1949年至1966年的中国档案学在整个档案学史中的学术地位和历史贡献予以相对客观的评价。
410  0 @12001 @a山大史学丛刊
517 1  @a作为一门独立学科的创建@Azuo wei yi men du li xue ke de chuang jian
606 0  @a档案学@x学科发展@x研究@y中国@z1949-1966
690    @aG279.2@v5
701  0 @a闫静@Ayan jing@4著
801  0 @aCN@bAHXH@c20221111
905    @b1369385-7@dG279.2@e254@f3
    
    1949年至1966年的中国档案学:作为一门独立学科的创建/闫静著.-北京:中国社会科学出版社,2021
    361页:图;24cm.-(山大史学丛刊)
    山东大学“考古与历史学一流学科建设”优秀学术著作出版资助项目
    
    ISBN 978-7-5203-8594-7:CNY119.00
    本书以辩证唯物主义和历史唯物主义为指导思想,以1949年至1966年中国档案学的内外部关系、学说、规律作为研究的重要方法论,对中国档案学的独立化建制进行历史性考察。在探讨中国 档案学所经历的不平凡历程中,既探究政治、经济、文化、科技的发展对档案学发展的影响和制约作用,又试图深入到档案学研究内部,探究档案学自身的发展逻辑和特殊规律,勾勒出新中国档案学创建时期的历史图景;同时,阐明新中国成立初期档案学内在观念建制和外在社会建制的具体情况,记述新中国成立后第一批档案学人的学术观点、社会实践和理论探索与争鸣,探析中国档案学与时代兴替、社会思潮的种种联系,并力求从学科视域、学理视域、历史视域与现实视域对1949年至1966年的中国档案学在整个档案学史中的学术地位和历史贡献予以相对客观的评价。
●
相关链接 在E读中查询图书 在五车中查询图书 在当当中查询图书 在豆瓣中查询图书


正题名:1949年至1966年的中国档案学     索取号:G279.2/254         预约/预借

序号 登录号 条形码 馆藏地/架位号 状态 备注
1 1369385   213693859   第一样本阅览室/ [索取号:G279.2/254] 在馆    
2 1369386   213693868   第四借阅区/ [索取号:G279.2/254] 在馆    
3 1369387   213693877   第四借阅区/ [索取号:G279.2/254] 在馆    
唐山师范学院图书馆 欢迎您!
大连网信软件有限公司© 版权所有